Matemática: 2º medio. Cuaderno de ejercicios

Bewaard in:
Bibliografische gegevens
Hoofdauteurs: Cruz Sch., Ximena (Auteur), Videla F., María Angélica (Auteur)
Formaat: Boek
Taal:Spaans
Gepubliceerd in: Santiago Arrayán 1998
Editie:7a. ed
Onderwerpen:
Tags: Voeg label toe
Geen labels, Wees de eerste die dit record labelt!

MARC

LEADER 00000nam a2200000 a 4500
001 UCP4333
003 CL-VaPUC
008 990724e19980000CL |||||||||||||||||spa|d
082 0 4 |a 510.0712  |b CRU  |2 21 
100 0 |a Cruz Sch., Ximena  |e author  |9 431792 
700 0 |a Videla F., María Angélica  |e author  |9 431793 
245 1 0 |a Matemática: 2º medio. Cuaderno de ejercicios 
250 |a 7a. ed 
300 |a 43 p 
942 |c BK 
945 |d 19990724 00:00:00  |a crobeson 
260 |a Santiago  |b Arrayán  |c 1998 
650 0 |a Matemática  |9 260235 
650 0 |a Matemáticas  |x Enseñanza  |9 875527 
650 0 |a Libros de texto  |9 270019 
583 |a last modification  |c 20170821 03:29:18  |k Rodrigo Vera 
999 |c 282320  |d 282318 
952 |0 0  |1 0  |4 0  |6 510_071200000000000_CRU_1998  |7 0  |8 A  |9 323970  |a BIBMAT  |b BIBMAT  |c E_DIDACT  |d 2019-11-20  |i 1353705  |o 510.0712 CRU 1998  |p 1353705  |r 2025-01-07  |w 2019-11-20  |y BK  |k MAT 
952 |0 0  |1 0  |4 0  |6 510_071200000000000_CRU_1998  |7 0  |8 A  |9 323971  |a BIBMAT  |b BIBMAT  |c E_DIDACT  |d 2019-11-20  |i 1353713  |o 510.0712 CRU 1998  |p 1353713  |r 2025-01-07  |w 2019-11-20  |y BK  |k MAT